[Event "XXXI Torneo Internacional de A"]
[Site "Las Palmas de Gran Canaria"]
[Date "2010.12.08"]
[Round "9"]
[White "Rojas Mirabal, Pedro"]
[Black "Guerrero Ruiz, Jose Luis"]
[Result "1-0"]
[WhiteElo "2000"]
[BlackElo "1772"]
[PlyCount "71"]
[EventDate "2010.12.02"]
[EventRounds "9"]
[EventCountry "ESP"]

1. d4 d5 2. c4 c6 3. Nc3 Nf6 4. Nf3 e6 5. cxd5 exd5 6. Bg5 Nbd7 7. e3 Be7 8.
Bd3 O-O 9. O-O h6 10. Bh4 Ne4 11. Bxe7 Qxe7 12. Rc1 f5 13. a3 Ng5 14. Nd2 Nf6
15. b4 a6 16. Ne2 Nge4 17. Nf3 Bd7 18. Ne5 Be8 19. f3 Nd6 20. Qc2 Nd7 21. f4
Ne4 22. Bxe4 fxe4 23. Nxd7 Bxd7 24. Qc5 Qxc5 25. bxc5 b5 26. cxb6 Rfb8 27. Rb1
a5 28. Rb2 Bc8 29. Rc1 Bb7 30. Nc3 Ba6 31. Na4 Bb5 32. Nc5 a4 33. b7 Ra7 34.
Rb4 Bc4 35. g4 Ra5 36. Nd7 1-0

[Event "XXXI Torneo Internacional de A"]
[Site "Las Palmas de Gran Canaria"]
[Date "2010.12.08"]
[Round "9"]
[White "Rodriguez Mellado, Antonio"]
[Black "Perez Celis, Alba"]
[Result "0-1"]
[WhiteElo "1711"]
[BlackElo "1826"]
[PlyCount "86"]
[EventDate "2010.12.02"]
[EventRounds "9"]
[EventCountry "ESP"]

1. e4 e5 2. Nf3 Nc6 3. Bc4 Bc5 4. O-O d6 5. h3 Nf6 6. Re1 O-O 7. c3 Be6 8. Bb5
a6 9. Ba4 b5 10. Bc2 Ba7 11. d4 Bd7 12. Bg5 Re8 13. Qd3 Qe7 14. Nbd2 h6 15. Bh4
Rad8 16. Nf1 Na5 17. Ne3 c6 18. a4 Bb6 19. b4 Nb7 20. axb5 axb5 21. Ra6 Bc7 22.
Ra7 Rb8 23. Rd1 Bc8 24. Nf1 Bb6 25. Raa1 Bd8 26. Ra7 Qc7 27. dxe5 dxe5 28. Nxe5
Rxe5 29. Qxd8+ Qxd8 30. Rxd8+ Nxd8 31. Bg3 Nd7 32. Bxe5 Nxe5 33. Re7 Ne6 34. f4
Kf8 35. Rxe6 Bxe6 36. fxe5 Ra8 37. Ne3 Ra3 38. Nd1 Ra1 39. Kh2 Rc1 40. Ne3 Re1
41. Nd1 Re2 42. Bb1 Bb3 43. Bd3 Rd2 0-1